| 000 | 01068nas a2200325 4500 | ||
|---|---|---|---|
| 001 | BR2012004772 | ||
| 003 | BR-BrBNA | ||
| 005 | 20231205120802.0 | ||
| 007 | ta | ||
| 008 | 230509b bl.|||p| |||| 00| 00por d | ||
| 040 |
_aBR-BrBNA _bpor _cBiblioteca Nacional de Agricultura |
||
| 041 | _a(Pt) | ||
| 072 | _aF02 | ||
| 100 | 1 | _aMarcon Filho, J.L. | |
| 100 | 1 | _aRufato, L. | |
| 100 | 1 | _aRufato, A. de R. | |
| 100 | 1 | _aKretzschmar, A.A. | |
| 100 | 1 | _aZancan, C. | |
| 245 | 1 | _aAspectos produtivos e vegetativos de macieiras cv. imperial gala interenxertadas com EM-9 | |
| 246 | 1 | _aProductive and vegetative aspects of the imperial gala apple trees with EM-9 interstem in different lehgths | |
| 650 | _aMAÇÃ | ||
| 650 | _aMALUS DOMESTICA | ||
| 650 | _aPORTA ENXERTO | ||
| 650 | _aENXERTO | ||
| 650 | _aPROPAGAÇÃO VEGETATIVA | ||
| 650 | _aPRODUTIVIDADE | ||
| 773 | 0 |
_tRevista Brasileira de Fruticultura (Brazil) _xISSN 0100-2945 _g(Sep 2009), v. 31(3) p. 784-791 _wBR2012004772 |
|
| 909 |
_a202311 _bLúcia _c55 _dLúcia Elande |
||
| 942 |
_2AGRIS _n0 _cANA |
||
| 999 |
_c220308 _d220308 |
||